Villes de France en images par lettre - A - Statistiques

Statistiques générales
  • Ce quiz a été pris 244 fois
  • Le résultat moyen est 8 sur 15
Statistiques - réponses
Par images Hint Réponse % Correct
PACA Avignon
88%
Auvergne-Rhône-Alpes Annecy
82%
Pays-de-la-Loire Angers
75%
PACA Arles
75%
Hauts-de-France Amiens
71%
Corse Ajaccio
62%
Occitanie Albi
55%
Hauts-de-France Arras
55%
PACA Aix-en-Provence
54%
PACA Antibes
51%
Bourgogne-Franche-Comté Auxerre
33%
Nouvelle-Aquitaine Angoulême
31%
Nouvelle-Aquitaine Agen
27%
Occitanie Auch
24%
Auvergne-Rhône-Alpes Aurillac
21%
Aucun quiz correspondant
Distribution des résultats
% des personnes avec chaque résultat
Percentile par nombre de réponses
Votre historique - résultats
Vous n’avez pas pris ce quiz